LIBRARY & INFORMATION CENTRE, KCAET, TAVANUR

ONLINE PUBLIC ACCESS CATALOGUE (OPAC)

Rotary soil working machines: Constructional, calculation and design (Record no. 15309)

MARC details
000 -LEADER
fixed length control field 00457nam a22001577a 4500
082 ## - DEWEY DECIMAL CLASSIFICATION NUMBER
Classification number 631.51
Item number YAT/RO
100 ## - MAIN ENTRY--AUTHOR NAME
Personal name YATSUK, E. P
245 ## - TITLE STATEMENT
Title Rotary soil working machines: Constructional, calculation and design
260 ## - PUBLICATION, DISTRIBUTION, ETC. (IMPRINT)
Place of publication New Delhi
Name of publisher Amerind Publishing Co. Pvt. Ltd.
Year of publication 1971
300 ## - PHYSICAL DESCRIPTION
Number of Pages 256
700 ## - ADDED ENTRY--PERSONAL NAME
Personal name Panov, I. M
700 ## - ADDED ENTRY--PERSONAL NAME
Personal name Efimov, D. N
700 ## - ADDED ENTRY--PERSONAL NAME
Personal name Marchenko, O. S
700 ## - ADDED ENTRY--PERSONAL NAME
Personal name Chernenkov, A. D
942 ## - ADDED ENTRY ELEMENTS (KOHA)
Koha item type Books
Holdings
Withdrawn status Lost status Damaged status Home library Current library Date acquired Cost, normal purchase price Full call number Accession Number Koha item type Collection code Shelving location
      KAUAET KAUAET 19/08/1986 75.00 631.51 YAT/RO 15354 Books    
Withdrawn     KAUAET KAUAET 01/09/1986 75.00 631.51 YAT/RO 15538 Books    
      KAUAET KAUAET 29/09/2022   631.51 YAT/RO 17730 Books General Books General Stacks
free website counter